000 00376cam a22001097a 4500
008 180718b1970 xxu||||| |||| 00| 0 eng d
082 _aB1243x54 Sh15
100 _aShakir, Moin
245 _aKhilafat to partition: a survey of major political trends among Indian Muslims during 1919- 1947
_cby Moin Shakir
260 _aNew Delhi
_bKalamkar Prakashan
_c1970
300 _axxiv, 300p
999 _c417793
_d417793